| 000 -LEADER |
| fixed length control field |
00670nam a22001577a 4500 |
| 003 - CONTROL NUMBER IDENTIFIER |
| control field |
OSt |
| 005 - DATE AND TIME OF LATEST TRANSACTION |
| control field |
20150912164016.0 |
| 008 - FIXED-LENGTH DATA ELEMENTS--GENERAL INFORMATION |
| fixed length control field |
150912b xxu||||| |||| 00| 0 eng d |
| 040 ## - CATALOGING SOURCE |
| Transcribing agency |
RUA |
| 082 ## - DEWEY DECIMAL CLASSIFICATION NUMBER |
| Classification number |
AGR KER 1996 BOO17 Or.1 |
| 100 ## - MAIN ENTRY--PERSONAL NAME |
| 9 (RLIN) |
352 |
| Personal name |
KER MONTHIVUTH |
| 245 ## - TITLE STATEMENT |
| Title |
The use of pesticides of farmers on vegetable crops in areas arond thnom phen, (ការប្រើប្រាស់ថ្នាំពុលកសិកម្ម របស់កសិករលើដំណាំ បន្លែ នៅតំបន់ជំវិញរាជធានីភ្នំពេញ). |
| 260 ## - PUBLICATION, DISTRIBUTION, ETC. (IMPRINT) |
| Place of publication, distribution, etc. |
phnom phen |
| Name of publisher, distributor, etc. |
RUA |
| Date of publication, distribution, etc. |
1996 |
| 300 ## - PHYSICAL DESCRIPTION |
| Extent |
105P. |
| Other physical details |
ILL. |
| Dimensions |
29CM. |
| 942 ## - ADDED ENTRY ELEMENTS (KOHA) |
| Source of classification or shelving scheme |
|
| Koha item type |
AGR |